000 00587cam a2200193 4500
001 1223
005 20250310152212.0
008 070427r20072005nyua b 001 0 eng
010 _a 2007274260
020 _a9781032512105
082 _22nd ed.
_a301.209 KUP
100 1 _aKuper, Adam.
245 1 0 _aThe reinvention of primitive society :
_btransformations of a myth /
_cKuper, Adam.
260 _aLondon :
_bRoutledge,
_c2017..
300 _axiii, 63 p. :
_bill. ;
_c26 cm.
504 _aIncludes bibliographical references and index.
610 _aFilm editing.
942 _2ddc
_cMAIN
999 _c10144
_d10145